| 000 | 01354nam0a2200337 4500 | ||
|---|---|---|---|
| 001 | RU\NLR\bibl\1483215 | ||
| 005 | 20250616010224.0 | ||
| 010 |
_a978-5-17-062749-3 _bАСТ _94000 |
||
| 010 |
_a978-5-271-25597-7 _bАстрель |
||
| 021 |
_aRU _b2010-2786 _9167 |
||
| 035 | _a(NLR Aleph) 001474843 | ||
| 090 |
_a1666612 _c1666612 |
||
| 100 | _a20100127d2009 |||y0rusy50 ca | ||
| 101 | 1 |
_arus _cspa |
|
| 102 | _aRU | ||
| 105 | _aac ||||||||| | ||
| 200 | 1 |
_aРисунок. Первые шаги _eпрактический курс _f[отв. ред. Е. С Розанова _gпер. с исп. А. С. Куваевой] |
|
| 210 |
_aМосква _cАСТ _cАстрель _d2009 |
||
| 215 |
_a185, [2] с. _cил., цв. ил., портр. _d26 |
||
| 300 | _aЗагл. ориг.: Curso práctico de dibujo. Introducción al dibujo | ||
| 454 | 0 |
_12001#$aCurso práctico de dibujo. Introducción al dibujo _tCurso práctico de dibujo. Introducción al dibujo |
|
| 606 | 1 |
_aРисунок _jПрактические пособия _xТехника _91518987 _3RU\NLR\auth\66961977 |
|
| 686 |
_aЩ15я78-1 _2rubbk |
||
| 686 | _aЩ150.844я7 | ||
| 702 | 1 |
_aРозанова _bЕ. С. _4340 |
|
| 801 | 0 |
_aRU _bRuMoRGB _c20100127 _grcr |
|
| 801 | 1 |
_aRU _bRuMoRGB _c20100127 |
|
| 801 | 2 |
_aRU _bNLR _c20100310 _grcr |
|
| 942 | _cBOOK | ||
| 980 | _aNB | ||